00351cam a22001217a 4500008004000000082001500040245006300055260004200118300001000160500001000170650002300180700002600203180718b1961 xxu||||| |||| 00| 0 eng d aA84x71 C16 aCanadian annual review for 1960cedited by John T. Saywell aTorontobUniv. of Toronto Pressc1961 a401p. a126/- aCanada - Yearbooks aSaywell, John T., ed.